|
|
|
|
| LEADER |
00000ctmaa2200000 a 4500 |
| 001 |
vtls011909595 |
| 003 |
SK-MaSNL |
| 005 |
20260302093419.0 |
| 008 |
230802s1799 xo || 000ns lat |
| 035 |
|
|
|a AEA2E5BD-40F5-4BC7-9B21-12719F003831
|
| 035 |
|
|
|a urn:nbn:sk:snk-tm3n37c
|
| 035 |
|
|
|a urn:nbn:sk:snk-tm00e83i
|
| 040 |
|
|
|a SNKLA
|b slo
|c SNKLA
|e AACR2
|
| 041 |
0 |
|
|a lat
|
| 044 |
|
|
|a xo
|c SK
|
| 072 |
|
7 |
|a 2
|x Náboženstvo
|2 konspekt
|
| 072 |
|
7 |
|a 37
|x Výchova a vzdelávanie
|2 konspekt
|
| 072 |
|
7 |
|a 27-78
|x Kresťanské združenia, spolky a organizácie. Rehoľné rády
|2 konspekt
|
| 080 |
|
|
|a 27-549
|2 2011
|
| 080 |
|
|
|a (042.3)
|2 2011
|
| 080 |
|
|
|a 025.171
|2 2011
|
| 080 |
|
|
|a 27-55
|2 2011
|
| 080 |
|
|
|a 2-11
|2 2011
|
| 100 |
1 |
|
|a Greguška, Anton Štefan,
|d 1753-1828
|4 aut
|9 438153
|
| 245 |
1 |
0 |
|a De Sacramento Eucharistiae
|n Quaternio XIus
|c Sub A.V.P. Lectore et Consultore Antonio Greguska
|
| 260 |
|
|
|a Posonii
|c 1799
|
| 300 |
|
|
|a 36 nečíslovaných strán
|b rukopis, viazaný
|c 23 cm
|
| 500 |
|
|
|a Na chrbte knihy na bielom štítku číslo 1542
|
| 500 |
|
|
|a Na lístku v zošite signatúra 512 L napísaná červenou pastelkou
|
| 520 |
2 |
|
|a Prednášky lektora o sviatosti Eucharistie na štúdiu františkánov v Bratislave, zapísané neuvedeným poslucháčom
|
| 555 |
0 |
|
|a Inventár rukopisov Archívu literatúry a umenia Slovenskej národnej knižnice. Rukopisy historických knižníc na Slovensku III (Marianka). Slovenská národná knižnica 2009
|
| 610 |
2 |
7 |
|a Františkáni (Bratislava, Slovensko)
|b Mariánska provincia
|2 SNKLA
|9 50541
|
| 650 |
0 |
7 |
|a eucharistia
|2 SNKPH
|9 796
|
| 650 |
0 |
7 |
|a sviatosti
|2 SNKPH
|9 755
|
| 650 |
0 |
7 |
|a teologické školy
|2 SNKPH
|9 81400
|
| 655 |
|
7 |
|a prednášky
|2 SNKPH
|9 70554
|
| 655 |
|
7 |
|a rukopisy
|2 SNKPH
|9 70548
|
| 752 |
|
|
|a Slovensko
|d Bratislava
|
| 852 |
|
|
|a Slovenská národná knižnica
|b Literárny archív
|
| 958 |
|
|
|a ZH
|
| 958 |
|
|
|a LAVD
|
| 999 |
|
|
|c 1208803
|d 1210733
|
| 952 |
|
|
|a SNKLA
|b SNKLA
|c SNKLA_DEP
|y NEVYP
|7 0
|p 17A1229200
|o snkM 255
|0 0
|1 0
|4 0
|d 2020-01-08
|f 1
|l 0
|r 2026-02-24 23:05:32
|w 2026-02-24
|